000 00906nam a2200241Ia 4500
003 OSt
005 20241014095204.0
008 210716s2018 xx 000 0 und d
020 _a9781788398558
040 _cAIMIT LIBRARY
041 _aeng
082 _a005.73
_2MUKK
100 _aMukkamala, Kashyap.
_9182176
245 _aHands on data structures and algorithms with javascript :
_bWrite efficient code that is highly performant scalable and easily testable using javascript /
_cBy Mukkamala Kashyap.
250 _a1st ed,
260 _aMumbai :
_bPackt Publishing Ltd ,
_c2018,
300 _avi,318 p,;
_bPB
_c24.5 cm,
650 _aBuilding stacks for application state management
_9182177
650 _aExploring types of algorithms
_9182178
650 _aSorting and its applications
_9182179
650 _aMicro qptimizations and memory management
_9182180
942 _2ddc
_cBK
_k005.73 MUKK
999 _c196580
_d196580